000 00419nam a2200133 4500
008 b xx# fre u
040 _aLB-BrCRDP
082 1 _a107
_bFIC
100 1 _aBégorre-Bret, Cyrille
245 1 0 _a100 fiches pour aborder la philosophie
_cCyrille Bégorre-Bret, Julie Brumberg-Chaumont
700 1 _aBrumberg-Chaumont, Julie
942 _cBK
999 _c9938
_d9938